Statistiques concernant Disney paroles - Sous l'océan (La Petite Sirène)

Cliquez ici pour prendre le quiz!

Statistiques générales

  • Ce quiz a été pris 157 fois
  • Le résultat moyen est 249 sur 358

Statistiques - réponses

Réponse% Correct
le
100%
Le
100%
l'océan,
98%
l'océan.
98%
l'océan !
98%
l'océan
98%
Sous
98%
sous
98%
la
97%
La
97%
de
95%
est
95%
d'à
93%
dans
92%
mon
92%
il
91%
les
91%
Les
91%
ca
90%
ça
90%
et
90%
Et
90%
monde
90%
à
89%
a
89%
bien
88%
c'est
88%
pas
88%
te
88%
mer,
87%
mieux
87%
Mieux
87%
mieux,
87%
tout
87%
vie
87%
que
86%
Ils
85%
ils
85%
tu
85%
Tu
85%
On
84%
on
84%
poisson
84%
poisson,
84%
qui
84%
se
84%
sur
84%
terre !
84%
terre,
84%
ne
83%
côté !
82%
plus
82%
des
81%
pour
81%
Pour
81%
heureux
80%
là-haut
80%
Là-haut
80%
fait
78%
tous
78%
journée
77%
toute
77%
pourras
76%
toujours
76%
jours.
75%
Regarde
75%
marais
74%
t'entoure
74%
trouver !
74%
bonjour
73%
parfumé.
73%
roseau
73%
sont
73%
vert
73%
calamité !
72%
vivre
72%
Toi
71%
Ariel,
70%
carnaval
70%
esclavagés
70%
ont
70%
prisonniers,
70%
bossent
69%
je
69%
non !
69%
leur
68%
Si
68%
un
68%
dis !
67%
t'aimerais
67%
bocal.
66%
bocal
66%
dit
66%
qu'ils
65%
comme
64%
y'a
64%
finira
63%
n'est
63%
pagaille !
63%
bulles
62%
chez
62%
Chez
62%
poêle !
62%
sage,
62%
vrai
62%
nous
61%
Oh
61%
humains,
60%
copains
59%
copains !
59%
éponges
59%
marmiton.
59%
pendant
59%
tourner
59%
régal.
58%
plonge
57%
qu'on
57%
soupe
57%
vagues
56%
poissons
55%
raie,
55%
raie
55%
cannibales.
54%
doudou
54%
doudou !
54%
flippent
53%
vois
52%
leurs
51%
l'extase
51%
au
50%
s'écaillent
49%
lancés
47%
reggae.
47%
tambouille
47%
d'hameçons.
46%
déambule.
45%
fendent
45%
pipe,
45%
faut
44%
dire
40%
l'esturgeon
40%
dynamite,
39%
d'la
38%
du
38%
rythme,
36%
rythme
36%
joue
35%
écoute-moi !
34%
harpe,
34%
super
34%
en
33%
balance
30%
carpe
30%
vas-y
30%
basse,
29%
souffle
29%
dieu
28%
soul.
28%
rap.
27%
rois
26%
thon
26%
ton.
26%
rascasse
25%
saxo,
24%
missié
23%
fantastique,
21%
bar
20%
certain,
18%
hi !
18%
hi
18%
d'enfer,
17%
swingue !
17%
violon.
17%
bigorneaux
16%
d'court-bouillon,
16%
garde
16%
lieu
16%
donner
15%
s'éclatent,
15%
frénétique,
14%
limaces
14%
mers
14%
Quand
14%
turbo
14%
jazz-band
13%
flution,
12%
marrent
12%
l'tempo,
11%
Maquereau
10%
sable,
10%
sardine
10%
transe,
10%
faire
9%
gardon
9%
Ouais !
9%
soles
6%
jim-jam,
4%
Riton
4%
biguine
3%
clams
3%
clims
3%
sprat
3%
bango,
2%
biguines,
2%
rock'n'rollent,
2%
dis.Oui,
1%
turbet,
1%

Distribution des résultats

Percentile par nombre de réponses

% des personnes avec chaque résultat

Votre développement - résultats

Vous n’avez pas pris ce quiz